Statistiques concernant Quiz sur Facundo Medina

Cliquez ici pour prendre le quiz!

Statistiques générales

  • Ce quiz a été pris 14 fois
  • Le résultat moyen est 7 sur 15

Statistiques - réponses

QuestionRéponse% Correct
Facundo Medina a t-il participé à la coupe du monde 2023 ?Non
90%
Pour combien de millions d'euros ?3,5 millions d'euros
80%
De quelle nationalité est Facundo Medina ?Argentine
80%
A quel poste évolue Facundo Medina ?Défenseur
70%
Facundo Medina a t'il participé aux jeux olympiques avec l'Argentine ?Oui
70%
Quel numéro porte Facundo Medina au RC Lens ?14
40%
Quelle est la valeur marchande de Facundo Medina en 2024?22 millions d'euros
40%
Quel age a Facundo Medina ?24 ans
40%
Par quel club a été formé Facundo Medina ?CA Talleres
40%
Quel est le pied fort de Facundo Medina ?Gauche
40%
En quelle année fut transféré Facundo Medina au RC Lens ?2020
30%
Ou est né Facundo Medina ?Lomas de Zamora
30%
Contre quelle équipe Facundo Medina marque t-il son premier but d'un retourné acrobatique ?Lorient
30%
Contre quel club Facundo Medina fait-il ses débuts avec le RC Lens ?Nice
20%
En quelle année fut convoqué Facundo Medina en sélection argentine ?2020
10%

Distribution des résultats

Percentile par nombre de réponses

% des personnes avec chaque résultat

Votre développement - résultats

Vous n’avez pas pris ce quiz